00573nam a2200169Ia 4500008004100000041000800041082001300049100002600062245003100088260001300119300000700132365001600139700002700155906003500182999001900217952016700236230718s9999 xx 000 0 und d aeng a658bETH aEtherington S9109682 aTables Charts And Graphics c2000bDk a72 cRs.b215.00 aEtherington S.9109682 dB:599110-Oct-2000cMGMTb32.25 c300697d300697 00104070aCCEPbCCEPd2000-10-10eTechnical Book ServicesfMGMTg182.75i5991l0o658pCCEP-BK-11903r2023-07-18 00:00:00t32.25v215.00w2000-10-10yBKz011903